[Event "Rishon Le Ziyyon 9798"]
[Site "Rishon Le Ziyyon"]
[Date "1997.12.28"]
[Round "4"]
[White "Mikhalevski, Victor"]
[Black "Gofshtein, Leonid D"]
[Result "1/2-1/2"]
[WhiteElo "2535"]
[BlackElo "2545"]

1.d4 Nf6 2.c4 e6 3.g3 d5 4.Bg2 Be7 5.Nf3 O-O 6.O-O dxc4 7.Qc2 a6 8.a4 Bd7
9.Qxc4 Bc6 10.Bg5 Nbd7 11.Nc3 a5 12.Rfe1 h6 13.Bxf6 Bxf6 14.e4 e5 15.d5 Nb6
16.Qb3 Bd7 17.Red1 Qb8 18.Rdc1 Nc8 19.Nb5 c6 20.Nc3 Ne7 21.Re1 Qd6 22.Rad1 Qb4
23.Qa2 Rac8 24.dxc6  1/2-1/2

[Event "Pamplona 9798"]
[Site "Pamplona"]
[Date "1997.12.29"]
[Round "2"]
[White "Andersson, Ulf"]
[Black "Lutz, Christopher"]
[Result "1/2-1/2"]
[WhiteElo "2640"]
[BlackElo "2590"]

1.Nf3 Nf6 2.c4 e6 3.g3 d5 4.d4 Be7 5.Bg2 O-O 6.O-O dxc4 7.Qc2 a6 8.Qxc4 b5
9.Qc2 Bb7 10.Bd2 Be4 11.Qc1 Nbd7 12.Ba5 Rc8 13.Nbd2 Ba8 14.Qc2 Qe8 15.b4 Nd5
16.a3 f5 17.Rac1 Qh5 18.Rfe1 N5f6 19.Ne5 Nxe5 20.dxe5 Ng4 21.h3 Bxg2 22.Kxg2 Nxe5
23.Qa2 Qf7 24.Bxc7 Ng6 25.Nf3 Bf6 26.Bd6 Rfd8 27.Rxc8 Rxc8 28.e4 fxe4 29.Rxe4 Rd8
30.Bc5 e5 31.Qe2 Qd5 32.Kh2 Qd3 33.Qa2+ Qd5 34.Re2 Qxa2 35.Rxa2 Nf8 36.Nd2 Ne6
37.Ne4 Nxc5 38.Nxc5 Rd6 39.a4 Be7 40.axb5 axb5 41.Ra7 Kf7 42.Rb7 Rd5 43.Kg2 h5
44.Rxb5 e4 45.Kf1 Rd1+ 46.Ke2 Rb1 47.Ke3 g6 48.Rb7 Ke8 49.Na6 Re1+ 50.Kd2 Rb1
51.Nc7+ Kd7 52.Nd5+ Kc6 53.Rxe7 Kxd5 54.Rd7+ Ke6 55.Rb7 Kd5 56.Rd7+ Ke6 57.Rg7 Rxb4
58.Rxg6+ Kf5 59.Rc6 Rb2+ 60.Rc2 Rb5 61.Ke3 Rb3+ 62.Kd2 Rd3+ 63.Ke2 h4 64.Rc5+ Kf6
65.Rc6+ Kg5 66.Rc5+ Kf6 67.gxh4 Rxh3 68.h5 Ke6 69.Ra5 Kf6 70.h6 Kg6 71.Ra6+ Kh7
72.Re6 Ra3 73.Kf1 Rb3 74.Kg2 Ra3 75.Rxe4 Kxh6 76.Rg4 Rb3 77.f3 Rb8 78.Kg3 Ra8
79.Kh4 Ra3  1/2-1/2

[Event "Reggio Emilia9798 40th"]
[Site "Reggio Emilia"]
[Date "1997.12.30"]
[Round "5"]
[White "Lputian, Smbat G"]
[Black "Bellini, Fabio"]
[Result "1-0"]
[WhiteElo "2585"]
[BlackElo "2415"]

1.d4 Nf6 2.c4 e6 3.Nf3 d5 4.g3 Be7 5.Bg2 O-O 6.O-O dxc4 7.Qc2 a6 8.a4 Bd7
9.Qxc4 Bc6 10.Bg5 a5 11.Nc3 Nbd7 12.Qd3 Nd5 13.Nxd5 exd5 14.Bf4 Re8 15.Rfc1 f6
16.Nd2 Nb6 17.Nb3 Bb4 18.Nc5 Re7 19.b3 Nd7 20.Rc2 Nf8 21.Rd1 Qe8 22.e4 Bxc5
23.exd5 Re1+ 24.Rxe1 Qxe1+ 25.Qf1 Qxf1+ 26.Kxf1 Bxa4 27.bxa4 Bd6 28.Bxd6 cxd6
29.Bh3 Re8 30.Bc8 b6 31.Bf5 Kf7 32.Rc6 Rb8 33.Rc7+ Kg8 34.Bd3 Ng6 35.Rc6 Kf7
36.Rxd6 Ne7 37.Rd7 Ke8 38.Bb5 Kf8 39.Ke2 h5 40.Kd3 Rc8 41.Bc4 Nf5 42.d6 Ke8
43.Be6  1-0

[Event "Rishon Le Ziyyon 9798"]
[Site "Rishon Le Ziyyon"]
[Date "1997.12.31"]
[Round "7"]
[White "Mikhalevski, Victor"]
[Black "Brodsky, Michail"]
[Result "1-0"]
[WhiteElo "2535"]
[BlackElo "2545"]

1.d4 Nf6 2.c4 e6 3.g3 d5 4.Bg2 Be7 5.Nf3 O-O 6.Qc2 c6 7.O-O Nbd7 8.b3 b6
9.Rd1 Bb7 10.Nc3 Rc8 11.e4 h6 12.Bb2 Re8 13.e5 Nh7 14.Qd2 Ba8 15.Rac1 a6
16.h4 Bb4 17.a3 Bxc3 18.Qxc3 c5 19.dxc5 Nxc5 20.Nh2 Rc7 21.cxd5 exd5 22.Qe3 Nf8
23.f4 Qd7 24.Rd2 Rec8 25.Rf1 Qb5 26.b4 Na4 27.Bd4 Ne6 28.Nf3 Rc2 29.f5 Rxd2
30.Qxd2 Nf8 31.e6 Qe8 32.exf7+ Qxf7 33.Ne5 Qc7 34.f6 Qc2 35.Qf4 Nc3 36.Bxc3 Qxc3
37.fxg7 Kxg7 38.Qg4+ Kh8 39.Rf7  1-0

[Event "Viking op"]
[Site "Aaland-Stockholm"]
[Date "1997.??.??"]
[Round "?"]
[White "Sosonko, Gennadi"]
[Black "Rausis, Igors"]
[Result "1/2-1/2"]
[WhiteElo "2505"]
[BlackElo "2490"]

1.d4 d5 2.Nf3 Nf6 3.c4 e6 4.g3 Be7 5.Bg2 O-O 6.O-O dxc4 7.Qc2 a6 8.Qxc4 b5
9.Qc2 Bb7 10.Bf4 Nd5 11.Nc3 Nxf4 12.gxf4 Nd7 13.Rfd1 Qc8 14.a4 bxa4 15.Nxa4 Rb8
16.Rac1 Bd6 17.e3 Nf6 18.Nc5 Bxc5 19.Qxc5 Bd5 20.Qxc7  1/2-1/2

[Event "Alushta-C"]
[Site "Alushta"]
[Date "1997.??.??"]
[Round "8"]
[White "Barshevich, Veniamin"]
[Black "Gladischev, Oleg"]
[Result "1-0"]
[WhiteElo "2235"]
[BlackElo "2335"]

1.Nf3 Nf6 2.c4 e6 3.g3 d5 4.Bg2 Be7 5.d4 c6 6.Nbd2 Nbd7 7.Qc2 O-O 8.O-O b6
9.e4 dxe4 10.Nxe4 Nxe4 11.Qxe4 Bb7 12.Rd1 Qc8 13.Ne5 Nxe5 14.dxe5 Rb8 15.Qg4 Rd8
16.Bh6 Bf8 17.h4 c5 18.h5 Bxg2 19.Kxg2 Qc7 20.Kh3 Rbc8 21.f4 Kh8 22.Bg5 Rxd1
23.Rxd1 h6 24.Bh4 Be7 25.Bxe7 Qxe7 26.Rd6 Rd8 27.Qd1 Rxd6 28.exd6 Qd7 29.g4 f6
30.Qd3 Kg8 31.f5 Kf7 32.fxe6+ Qxe6 33.d7  1-0

[Event "EU-ch Rapid (Women)"]
[Site "Athens"]
[Date "1997.??.??"]
[Round "9"]
[White "Schroecker, Maria Luise"]
[Black "Berend, Elvira S"]
[Result "0-1"]
[WhiteElo "2130"]
[BlackElo "2355"]

1.d4 Nf6 2.c4 e6 3.g3 d5 4.Nf3 Be7 5.Bg2 O-O 6.O-O c6 7.Qc2 Nbd7 8.Nbd2 b6
9.b3 Bb7 10.Bb2 c5 11.Rad1 dxc4 12.Nxc4 Be4 13.Qc1 Qc7 14.Qa1 Rad8 15.Rd2 b5
16.Nce5 Nxe5 17.Nxe5 Bxg2 18.Kxg2 Qb7+ 19.Kg1 Ne4 20.Rd3 cxd4 21.Bxd4 f6
22.Nf3 e5 23.Bb2 Rxd3 24.exd3 Nc5 25.Qd1 Rd8 26.d4 e4 27.Nh4 Nd3 28.Qe2 Qd5
29.Ba1 f5 30.Ng2 Bf6 31.Ne3 Qd7 32.Nc2 Rc8 33.f3 Re8 34.Rd1 a5 35.Ne1 Bxd4+
36.Bxd4 Qxd4+ 37.Kg2 exf3+ 38.Qxf3 Nxe1+ 39.Rxe1 Qd2+ 40.Kh3 Qxe1 41.Qd5+ Qe6  0-1

[Event "AUT-chT2W 9798"]
[Site "Austria"]
[Date "1997.??.??"]
[Round "1"]
[White "Amann, Guenter"]
[Black "Poettinger, Harald"]
[Result "1/2-1/2"]
[WhiteElo "2280"]
[BlackElo "2260"]

1.d4 e6 2.Nf3 Nf6 3.g3 d5 4.c4 Be7 5.Bg2 O-O 6.O-O dxc4 7.Qc2 a6 8.a4 b6
9.Ne5 Ra7 10.Rd1 Bb7 11.e4 Nc6 12.Nxc6 Bxc6 13.Nc3 Ba8 14.Qe2 c6 15.Qxc4 b5
16.Qe2 b4  1/2-1/2

[Event "AUT-chT2W 9798"]
[Site "Austria"]
[Date "1997.??.??"]
[Round "4"]
[White "Kleissl, Helmut"]
[Black "Poettinger, Harald"]
[Result "1/2-1/2"]
[WhiteElo "2275"]
[BlackElo "2260"]

1.c4 e6 2.g3 Nf6 3.Bg2 d5 4.Nf3 Be7 5.d4 O-O 6.O-O dxc4 7.Na3 Bxa3 8.bxa3 Nc6
9.e3 Rb8 10.Qc2 b5 11.Bb2 Nd5 12.e4 Nb6 13.Rad1 Ne7 14.Bc3 Re8 15.Ne5 f6
16.Ng4 Na4 17.Ba1 Nb6 18.h4 Rf8  1/2-1/2

[Event "AUT-chT2W 9798"]
[Site "Austria"]
[Date "1997.??.??"]
[Round "6"]
[White "Ferrari, Josef"]
[Black "Opl, Klaus"]
[Result "0-1"]
[WhiteElo "2125"]
[BlackElo "2340"]

1.d4 Nf6 2.c4 e6 3.Nf3 d5 4.g3 Be7 5.Bg2 O-O 6.O-O c6 7.Nc3 b6 8.Ne5 Ba6
9.Qa4 b5 10.cxb5 cxb5 11.Qd1 b4 12.Na4 Nfd7 13.Nd3 Nc6 14.Be3 Rc8 15.Rc1 Qa5
16.b3 Bb5 17.Nac5 Nxc5 18.Nxc5 Qxa2 19.Rc2 Qa5 20.Qd2 Qd8 21.Ra1 Bf6 22.Rac1 Qe7
23.Na6 Bxa6 24.Rxc6 Rxc6 25.Rxc6 Qb7 26.Rc2 Qb6 27.f4 Rc8 28.Rc5 Be7 29.Rxc8+ Bxc8
30.Qc2 Bb7 31.f5 a5 32.fxe6 fxe6 33.Bh3 e5 34.Qf5 e4 35.Qd7 Kf7 36.Qf5+ Qf6
37.Qxh7 Bc6 38.Qf5 Qxf5 39.Bxf5 Bf6 40.Kf1 a4 41.Bd2 Bxd4 42.Bxb4 axb3 43.Ba3  0-1

[Event "AUT-chT2O 9697"]
[Site "Austria"]
[Date "1997.??.??"]
[Round "8"]
[White "Haba, Petr"]
[Black "Polak, Tomas"]
[Result "1/2-1/2"]
[WhiteElo "2455"]
[BlackElo "2440"]

1.d4 Nf6 2.c4 e6 3.g3 d5 4.Bg2 Be7 5.Nf3 O-O 6.O-O c6 7.b3 Nbd7 8.Qc2 b6
9.Rd1 a5 10.Bb2 Bb7 11.Nc3 Rc8 12.e4 Qc7 13.e5 Ne8 14.h4 h6 15.Re1 Qb8 16.Rad1 Nc7
17.Qb1 Rfd8 18.cxd5 Nxd5 19.Nxd5 cxd5 20.Rc1 Ba6 21.Rxc8 Rxc8 22.Rc1  1/2-1/2

[Event "AUT-chT9697"]
[Site "Austria"]
[Date "1997.??.??"]
[Round "9"]
[White "Krpelan, Wolfgang"]
[Black "Thoma, Robert"]
[Result "1/2-1/2"]
[WhiteElo "2190"]
[BlackElo "2280"]

1.d4 Nf6 2.g3 d5 3.Bg2 e6 4.Nf3 Be7 5.c4 c6 6.b3 Nbd7 7.O-O O-O 8.Nc3 b6
9.Bb2 Bb7 10.cxd5 cxd5 11.Rc1  1/2-1/2

[Event "Bad Woerishofen op"]
[Site "Bad Woerishofen"]
[Date "1997.??.??"]
[Round "3"]
[White "Wiedermann, Franz"]
[Black "Wells, Peter K"]
[Result "0-1"]
[WhiteElo "2105"]
[BlackElo "2495"]

1.d4 Nf6 2.c4 e6 3.g3 d5 4.Bg2 Be7 5.Nf3 O-O 6.O-O dxc4 7.Qc2 a6 8.a4 Bd7
9.Qxc4 Bc6 10.Nc3 b5 11.Qb3 b4 12.Na2 Bd5 13.Qd1 Nbd7 14.Nd2 Bxg2 15.Kxg2 Nb6
16.Nf3 Qd5 17.Bf4 Rac8 18.Nc1 Ne4 19.h4 h6 20.Qb3 Nc4 21.h5 Rfd8 22.Na2 c5
23.Rfd1 Nc3 24.Qc2 Nxd1 25.e4 b3 26.Qxd1 Qb7  0-1

[Event "Baku"]
[Site "Baku"]
[Date "1997.??.??"]
[Round "7"]
[White "Maherramzade, Javad"]
[Black "Bagirov, Rufat"]
[Result "1/2-1/2"]
[WhiteElo "2430"]
[BlackElo "2320"]

1.d4 Nf6 2.Nf3 d5 3.c4 e6 4.g3 Be7 5.Bg2 O-O 6.O-O dxc4 7.Qc2 a6 8.Qxc4 b5
9.Qc2 Bb7 10.Bd2 Nc6 11.e3 Nb4 12.Bxb4 Bxb4 13.Nbd2 c5 14.dxc5 Rc8 15.Nb3 Be4
16.Qc1  1/2-1/2

[Event "Berliner Sommer"]
[Site "Berlin"]
[Date "1997.??.??"]
[Round "1"]
[White "Hertneck, Gerald"]
[Black "Guenther, T."]
[Result "1-0"]
[WhiteElo "2525"]
[BlackElo "2085"]

1.d4 Nf6 2.c4 e6 3.g3 d5 4.Nf3 Be7 5.Bg2 c6 6.O-O O-O 7.Nc3 Nbd7 8.b3 a6
9.Bf4 Re8 10.Qc2 Nh5 11.c5 Nxf4 12.gxf4 Qc7 13.e3 f6 14.b4 e5 15.fxe5 fxe5
16.e4 exd4 17.Nxd4 Bf6 18.Rad1 Bxd4 19.Rxd4 dxe4 20.Nxe4 Ne5 21.Nd6 Re7 22.f4 Ng6
23.f5 Ne5 24.Qb3+ Kh8 25.Re4 g6 26.Qc3  1-0

[Event "Berliner Sommer"]
[Site "Berlin"]
[Date "1997.??.??"]
[Round "9"]
[White "Jagodzinski, Andreas"]
[Black "Vul, Arkadi Eremeevich"]
[Result "1/2-1/2"]
[WhiteElo "2240"]
[BlackElo "2395"]

1.d4 d5 2.c4 e6 3.Nf3 Nf6 4.g3 Be7 5.Bg2 O-O 6.O-O b6 7.Nc3 Bb7 8.Ne5 Na6
9.cxd5 exd5 10.Qa4 c5 11.Be3 cxd4 12.Bxd4 Nc5 13.Qc2 Ne6 14.Nf3 Rc8 15.Rad1 Ne4
16.Qb3 Nxd4 17.Nxd4 Nxc3 18.bxc3 Bf6 19.Nb5 Rc5 20.Rd3 a6 21.Nd4 Qc7 22.e3 Rc8
23.Rfd1  1/2-1/2

[Event "Berliner Sommer"]
[Site "Berlin"]
[Date "1997.??.??"]
[Round "9"]
[White "Roos, Thomas"]
[Black "Vinke, Andreas"]
[Result "1/2-1/2"]
[WhiteElo "2270"]
[BlackElo "2045"]

1.d4 e6 2.c4 Nf6 3.g3 d5 4.Bg2 Be7 5.Nf3 O-O 6.O-O dxc4 7.Ne5 Nc6 8.Nxc6 bxc6
9.Bxc6 Rb8 10.e3 Ba6  1/2-1/2

[Event "Bled op18th"]
[Site "Bled"]
[Date "1997.??.??"]
[Round "1"]
[White "Tatenhorst, Volker"]
[Black "Sosonko, Gennadi"]
[Result "1/2-1/2"]
[WhiteElo "2280"]
[BlackElo "2515"]

1.d4 Nf6 2.c4 e6 3.g3 d5 4.Bg2 Be7 5.Nf3 O-O 6.O-O Nbd7 7.Qc2 c6 8.Nbd2 b6
9.e4 Ba6 10.b3 c5 11.Rd1 Rc8 12.exd5 exd5 13.Bb2 cxd4 14.Nxd4 b5 15.Qf5 bxc4
16.bxc4 Qb6 17.Rab1 dxc4 18.Ne4 g6 19.Qh3 Qa5 20.Bc3 Qa3  1/2-1/2

[Event "Bled op18th"]
[Site "Bled"]
[Date "1997.??.??"]
[Round "1"]
[White "Stohl, Igor"]
[Black "Ilijin, Neboisa"]
[Result "1-0"]
[WhiteElo "2580"]
[BlackElo "2290"]

1.d4 Nf6 2.c4 e6 3.g3 d5 4.Nf3 Be7 5.Bg2 O-O 6.O-O Nbd7 7.b3 c6 8.Nc3 b6
9.Nd2 Bb7 10.e4 Rc8 11.Bb2 Bb4 12.a3 Bxc3 13.Bxc3 c5 14.cxd5 exd5 15.e5 Ne8
16.Nc4 cxd4 17.Bxd4 Nc5 18.Ne3 Ne6 19.Qd2 N8c7 20.Rfd1 Qd7 21.Nf5 Nxd4 22.Nxd4 Rcd8
23.Rac1 h6 24.Rc3 Ne6 25.Bh3 Rc8 26.Rdc1 Rxc3 27.Rxc3 Rc8 28.Nxe6 fxe6 29.Qc2 Rxc3
30.Qxc3 Qe7 31.b4 a6 32.f4 Qd7 33.Kf2 g6 34.g4 Qe7 35.Kg3 g5 36.f5 exf5 37.gxf5  1-0

[Event "Bled op18th"]
[Site "Bled"]
[Date "1997.??.??"]
[Round "6"]
[White "Tukmakov, Vladimir B"]
[Black "Rotstein, Arkadij"]
[Result "1/2-1/2"]
[WhiteElo "2585"]
[BlackElo "2455"]

1.d4 Nf6 2.c4 e6 3.g3 d5 4.Bg2 Be7 5.Nf3 O-O 6.Qc2 c5 7.O-O Nc6 8.cxd5 Nxd4
9.Nxd4 cxd4 10.dxe6 Bxe6 11.Bxb7 Rb8 12.Bf3 Qb6 13.Nd2 Rbc8 14.Qd1 Rfd8 15.Nb3 a5
16.Bd2 Bb4 17.Nc1 Nd5 18.Nd3 Bxd2 19.Qxd2 Nb4 20.Nxb4 Qxb4 21.Rfd1 Rb8 22.b3 g6
23.Qf4 a4 24.bxa4 Qxa4 25.Rd2 Rb4 26.Qf6 Rdb8 27.h4 Qb5 28.Rxd4 Rxd4 29.Qxd4 Bxa2
30.Rc1 Be6 31.h5 Qb2 32.Rc3 Qb1+ 33.Kg2 Qf5 34.g4 Qg5 35.Rc5 Qh4 36.Ra5 Rd8
37.Qf4 Kg7 38.Ra7 gxh5 39.Qe5+ Kh6 40.Qe3+ Qg5 41.Qxg5+ Kxg5 42.Ra5+ Kg6
43.Rxh5 Rd4  1/2-1/2

[Event "Clarin GP1 Boca Juniors"]
[Site "Boca"]
[Date "1997.??.??"]
[Round "6"]
[White "De las Heras, Juan Carlos"]
[Black "Van Riemsdijk, Herman C"]
[Result "1/2-1/2"]
[WhiteElo "2265"]
[BlackElo "2395"]

1.c4 Nf6 2.Nf3 e6 3.g3 d5 4.d4 Be7 5.Bg2 O-O 6.O-O dxc4 7.Qa4 a6 8.Qxc4 b5
9.Qc2 Bb7 10.Nbd2 Nbd7 11.b3 c5 12.Bb2 Rc8 13.Qd3 Qb6 14.dxc5 Nxc5 15.Qe3 Bd5
16.Bd4 Qb7 17.Rfc1 Ncd7 18.Bh3 Rxc1+ 19.Rxc1 Rc8 20.Rxc8+ Qxc8 21.Qc3 Qxc3
22.Bxc3 Ne4 23.Nxe4 Bxe4 24.Nd2  1/2-1/2

[Event "Slovan op"]
[Site "Bratislava"]
[Date "1997.??.??"]
[Round "2"]
[White "Lipka, Juraj"]
[Black "Bekiarisova, Alena"]
[Result "1-0"]
[WhiteElo "2370"]
[BlackElo "2125"]

1.Nf3 Nf6 2.c4 e6 3.g3 d5 4.Bg2 Be7 5.d4 O-O 6.O-O Nbd7 7.b3 c6 8.Bb2 b6
9.Nbd2 Bb7 10.Rc1 dxc4 11.Nxc4 c5 12.dxc5 Bxc5 13.a3 a5 14.e3 Qe7 15.Nd4 Bxg2
16.Kxg2 Rfc8 17.Qf3 Nf8 18.b4 axb4 19.axb4 Bxd4 20.Bxd4 Nd5 21.b5 Qb4 22.Ne5 f6
23.Nc6 Qxb5 24.Na7 Qxf1+ 25.Rxf1 Rxa7 26.e4 Ne7 27.Bxb6 Ra4 28.Rd1 Nc6 29.Rc1 Nd7
30.Qb3 Rxe4 31.Qd3  1-0

[Event "Spring op"]
[Site "Budapest"]
[Date "1997.??.??"]
[Round "5"]
[White "Kustar, Sandor"]
[Black "Ionescu, Doru Alexandru"]
[Result "1-0"]
[WhiteElo "2380"]
[BlackElo "2335"]

1.Nf3 Nf6 2.c4 e6 3.g3 d5 4.Bg2 Be7 5.d4 O-O 6.O-O dxc4 7.Qc2 a6 8.a4 Nc6
9.Qxc4 a5 10.Nc3 Nb4 11.Rd1 Nfd5 12.e4 Nb6 13.Qe2 Bd7 14.Be3 Rc8 15.Ne5 Be8
16.b3 c6 17.Rac1 Nd7 18.Nc4 b6 19.Rd2 Bg5 20.Bxg5 Qxg5 21.Nd6 Rb8 22.e5 f5
23.exf6 Qxf6 24.Nxe8 Rbxe8 25.Bxc6 Nxc6 26.Ne4 Qf3 27.Rxc6 Qxb3 28.Ng5 Qd5
29.Rxe6 Rc8 30.f4 Rc1+ 31.Kf2 Qxg5 32.Re7 Qf5 33.d5 Nc5 34.Kg2 Ra1 35.d6 Nd7
36.Qc4+ Kh8 37.Qd4 Qf6 38.Rxd7 Ra2 39.Qe3 Rxa4 40.Re7 g5 41.Qe5  1-0

[Event "Najdorf op"]
[Site "Buenos Aires"]
[Date "1997.??.??"]
[Round "4"]
[White "Quinteros, Miguel A"]
[Black "Pereyra Arcija, Diego"]
[Result "1/2-1/2"]
[WhiteElo "2510"]
[BlackElo "2450"]

1.d4 Nf6 2.c4 e6 3.g3 d5 4.Bg2 Be7 5.Nf3 O-O 6.O-O dxc4 7.Qc2 a6 8.a4 Bd7
9.Qxc4 Bc6 10.Bf4 Nbd7 11.a5 Nd5 12.Nc3 Nxf4 13.gxf4 Nf6 14.e3 Ne4 15.Ne5 Nd2
16.Nxc6 bxc6 17.Qxc6 Nxf1 18.Qxa8 Qxa8 19.Bxa8 Nxe3 20.Bb7 Nc2 21.Ra4 Nb4
22.Na2 Nxa2 23.Rxa2 Rd8 24.d5 Rd6 25.b4 Bf6 26.b5 Bd4 27.dxe6 fxe6 28.Bxa6 e5
29.Rc2 Rd7 30.Bc8 Re7 31.f5 Kf8 32.Kf1 e4 33.Be6 e3 34.Rc4 Ba7 35.b6 cxb6
36.a6  1/2-1/2

[Event "Goodricke op"]
[Site "Calcutta"]
[Date "1997.??.??"]
[Round "8"]
[White "Roktim, Bandyopadhyay"]
[Black "Murugan, Krishnamoorthy"]
[Result "0-1"]
[WhiteElo "2195"]
[BlackElo "2395"]

1.d4 Nf6 2.c4 e6 3.g3 d5 4.Bg2 Be7 5.Nf3 O-O 6.O-O dxc4 7.Qc2 a6 8.a4 Nc6
9.Qxc4 a5 10.Nc3 Nb4 11.Bf4 Nfd5 12.Nxd5 Nxd5 13.Rac1 c6 14.Ne5 Qb6 15.Rc2 Rd8
16.Rd1 Bd7 17.Nd3 Be8 18.Nc5 Qa7 19.Qb3 b6 20.Nd3 Rac8 21.Rdc1 c5 22.dxc5 bxc5
23.Qa2 Bc6 24.Ne5 Bb7 25.Bd2 Bf6 26.Nc4 Ba6 27.e4 Nb4 28.Bxb4 cxb4 29.b3 Bg5
30.Re1 Bxc4 31.bxc4 Qd4 32.Qb3 Be7 33.Bf3 Bc5 34.Rd1 Qf6 35.Rcd2 Bd4 36.Kg2 e5
37.Rc1 Qg5 38.Rcd1 g6 39.Be2 Qf6 40.Qf3 Qxf3+ 41.Kxf3 b3 42.Rd3 b2 43.Rb3 Rb8
44.Rb5 Rxb5 45.cxb5 Rc8 46.Bd3 Rc1 47.Ke2 Bxf2 48.Bb1 Bd4 49.Kd2 Kf8  0-1

[Event "Ceske Budejovice op"]
[Site "Ceske Budejovice"]
[Date "1997.??.??"]
[Round "6"]
[White "Zimmerman, Yuri"]
[Black "Sitnik, Igor"]
[Result "1-0"]
[WhiteElo "2250"]
[BlackElo "2380"]

1.d4 d5 2.c4 e6 3.Nf3 Nf6 4.g3 Be7 5.Bg2 O-O 6.Qc2 Nbd7 7.O-O c6 8.b3 b5
9.Nc3 b4 10.Na4 a5 11.c5 Ba6 12.a3 bxa3 13.Rxa3 Ne4 14.Bb2 f5 15.Rfa1 Bb5
16.Nc3 Ndxc5 17.dxc5 Bxc5 18.Nxe4 Bxa3 19.Rxa3 fxe4 20.Nd4 Qb6 21.e3 c5 22.Nxb5 Qxb5
23.Bh3 Rfe8 24.Ra4 Qb6 25.Ra1 Ra7 26.Qc3 Rc8 27.Bg4 Rc6 28.Ra4 Qb5 29.Ra3 Qb4
30.Qc2 Rb7 31.Kg2 Kf7 32.Bd1 c4 33.bxc4 Rxc4 34.Qe2 Qb6 35.Qh5+ Kf8 36.Qxh7 g6
37.Qh8+ Ke7 38.Qf6+ Kd7 39.Qf7+ Kd8 40.Qf8+ Kd7 41.Ba4+ Rxa4  1-0

[Event "Chemnitz op"]
[Site "Chemnitz"]
[Date "1997.??.??"]
[Round "8"]
[White "Fuchs, Antje"]
[Black "Wiegner, Denis"]
[Result "1/2-1/2"]
[WhiteElo "2105"]
[BlackElo "2135"]

1.d4 e6 2.c4 Nf6 3.Nf3 d5 4.g3 Be7 5.Bg2 O-O 6.Nbd2 b6 7.O-O Bb7 8.b3 Nbd7
9.Bb2 c5 10.e3 Rc8 11.Qe2 Qc7 12.Rac1 Qb8 13.Ne5 dxc4 14.Nxd7 Nxd7 15.bxc4 Bxg2
16.Kxg2 Qb7+ 17.f3 cxd4 18.exd4 Nf6 19.Ne4 Rfd8 20.Rfd1 Qa6 21.Rc2 Rd7 22.d5  1/2-1/2

[Event "Chicago op"]
[Site "Chicago"]
[Date "1997.??.??"]
[Round "4"]
[White "Ciaffone, Robert"]
[Black "Fischer, Robert"]
[Result "0-1"]
[WhiteElo "2230"]
[BlackElo "2130"]

1.Nf3 d5 2.c4 e6 3.d4 Be7 4.g3 Nf6 5.Bg2 O-O 6.O-O c5 7.cxd5 exd5 8.dxc5 Bxc5
9.Nc3 Nc6 10.Na4 Be7 11.Be3 Re8 12.Rc1 Qa5 13.a3 Ng4 14.Bd2 Qb5 15.b4 d4
16.Nc5 Bxc5 17.Rxc5 Qxe2 18.Qc1 Be6 19.b5 Nge5 20.Qd1 Qxd1 21.Rxd1 Bg4 22.bxc6 Nxf3+
23.Kf1 Nxh2+ 24.Kg1 Nf3+ 25.Kh1 bxc6 26.Ba5 Re6  0-1

[Event "Ciego de Avila"]
[Site "Ciego de Avila"]
[Date "1997.??.??"]
[Round "4"]
[White "Araque, Rafael"]
[Black "Pazos, Plinio"]
[Result "1-0"]
[WhiteElo "2265"]
[BlackElo "2330"]

1.d4 Nf6 2.g3 d5 3.Nf3 e6 4.Bg2 Be7 5.c4 O-O 6.Qc2 Nbd7 7.O-O dxc4 8.Nbd2 c5
9.Nxc4 cxd4 10.Rd1 Nd5 11.Nxd4 Qc7 12.Bd2 Bf6 13.Be1 Rd8 14.Rac1 Nf8 15.Qb3 Qe7
16.e4 Bxd4 17.Rxd4 Nf6 18.Bb4 Qc7 19.Bd6 Rxd6 20.Rxd6 e5 21.Qd1 Qe7 22.Ne3 Be6
23.Rd2 Qb4 24.a3 Qb5 25.Nd5 Bxd5 26.exd5 Rd8 27.d6 Ne6 28.Rc7 e4 29.Rc3 g6
30.Qc2 Kg7 31.Bxe4 Qe5 32.Bxb7 Rxd6 33.Rxd6 Qxd6 34.Rd3 Qe7 35.Bg2 h5 36.b4 h4
37.Qc3 Ng5 38.gxh4 Nh7 39.a4 Nf8 40.b5 Nd7 41.Bc6 Ne5 42.Re3 Nfg4 43.Rxe5 Qxe5
44.Qxe5+ Nxe5 45.a5 Kf6 46.Bd5 Nd7 47.b6 axb6 48.a6 b5 49.a7 Nb6 50.a8=Q Nxa8
51.Bxa8 Ke5 52.Bc6 b4 53.Ba4 Kf5 54.h3 Ke4 55.Kg2 Kf4 56.Bb3 f6 57.Bf7 Ke5
58.Bxg6 b3 59.Bb1 Kf4 60.Bd3 b2 61.Bc2  1-0

[Event "Capablanca mem mixed"]
[Site "Cienfuegos"]
[Date "1997.??.??"]
[Round "9"]
[White "Ross, David"]
[Black "Fandino, Roquelina"]
[Result "1-0"]
[WhiteElo "2340"]
[BlackElo "2205"]

1.c4 Nf6 2.Nf3 e6 3.d4 d5 4.g3 Be7 5.Bg2 O-O 6.O-O dxc4 7.Ne5 Nc6 8.Bxc6 bxc6
9.Nxc6 Qe8 10.Qa4 Bd6 11.Qxc4 Bd7 12.Ne5 Bb5 13.Qc2 c5 14.Nc4 Be7 15.dxc5 Bxc5
16.Be3 Bxe3 17.Nxe3 Nd5 18.Qd2 Rd8 19.Nxd5 Rxd5 20.Qe3 Qb8 21.Nc3 Re5 22.Qd2 Rd8
23.Qc2 Rc8 24.Rfe1 h5 25.Rad1 h4 26.Rd4 hxg3 27.hxg3 Rh5 28.Red1 g6 29.Qd2 Bc6
30.e4 Kg7 31.Rc4 Qb6 32.Qd6 Qa6 33.b3 Qb7 34.Rc5 Rh6 35.Qe5+ Kh7 36.g4 a6
37.f3 Qe7 38.Qg5 f6  1-0

[Event "Costa Rica-ch playoff"]
[Site "Costa Rica"]
[Date "1997.??.??"]
[Round "1"]
[White "Minero Pineda, Sergio"]
[Black "Murillo, Alexis"]
[Result "1/2-1/2"]
[WhiteElo "2400"]
[BlackElo "2365"]

1.d4 e6 2.c4 Nf6 3.g3 d5 4.Nf3 Be7 5.Bg2 O-O 6.O-O Nbd7 7.Qc2 c6 8.b3 b6
9.Rd1 a5 10.Nc3 Ba6 11.Nd2 b5 12.e4 Nb6 13.c5 Nbd7 14.e5 Ne8 15.Re1 Nc7 16.f4 f6
17.Nf3 fxe5 18.fxe5 b4 19.Ne2 Bxe2 20.Rxe2 Nb5 21.Bb2 Qe8 22.Rf2 Qh5 23.h3 Rf7
24.g4 Qg6 25.Qxg6 hxg6 26.Bf1 Raf8 27.Bxb5 cxb5 28.Kg2 Nb8 29.Bc1 Nc6 30.Be3 Ra8  1/2-1/2

[Event "Costa Rica-ch playoff"]
[Site "Costa Rica"]
[Date "1997.??.??"]
[Round "3"]
[White "Minero Pineda, Sergio"]
[Black "Murillo, Alexis"]
[Result "1/2-1/2"]
[WhiteElo "2400"]
[BlackElo "2365"]

1.d4 e6 2.c4 Nf6 3.g3 d5 4.Bg2 Be7 5.Nf3 O-O 6.O-O Nbd7 7.Qc2 c6 8.b3 b5
9.c5 Ne4 10.Nbd2 f5 11.Bb2 Qc7 12.b4 a5 13.a3 Bf6 14.Nb3 a4 15.Nc1 g5 16.Nd3 g4
17.Nfe5 Nxe5 18.dxe5 Bg7 19.f3 gxf3 20.exf3 Ng5 21.f4 Ne4 22.Bxe4 fxe4 23.Nf2 Qf7
24.Ng4 Qg6 25.Nf6+ Rxf6 26.exf6 Bxf6 27.Be5 Bd7 28.Qc3 Rf8 29.Ra2 Qg7 30.Raf2 Be8
31.g4 Bg6 32.Rg2 Bxe5 33.fxe5 Rf3 34.Rxf3 exf3 35.Rg3 Be4 36.h3 Qg5 37.Kf2 Qf4
38.h4 Kg7 39.Rh3 Kg6  1/2-1/2

[Event "Costa Rica-ch"]
[Site "Costa Rica"]
[Date "1997.??.??"]
[Round "13"]
[White "Minero, Boris P"]
[Black "Murillo, Alexis"]
[Result "0-1"]
[WhiteElo "2100"]
[BlackElo "2250"]

1.d4 d5 2.g3 e6 3.Bg2 Nf6 4.c4 Be7 5.Nf3 O-O 6.O-O c6 7.Nc3 Nbd7 8.b3 b6
9.Bf4 Ba6 10.Qd3 Rc8 11.e4 c5 12.e5 dxc4 13.bxc4 Nd5 14.Nb5 Bxb5 15.cxb5 c4
16.Qd2 a6 17.a4 axb5 18.axb5 Ra8 19.Qc2 Qc7 20.Nd2 Rxa1 21.Rxa1 c3 22.Bxd5 exd5
23.Rc1 g5 24.Be3 Rc8 25.Nb1 Bb4 26.Bxg5 Nf8 27.h4 Ne6 28.Be3 Qc4 29.Qf5 Ra8
30.Qg4+ Kf8 31.Bh6+ Ke7 32.Nd2 cxd2 33.Rxc4 dxc4 34.Bxd2 Bxd2 35.d5 c3 36.Qf5 Nd8
37.Qf6+ Ke8 38.Qh8+ Ke7 39.Qxh7 Ra2 40.e6 Kd6 41.Qg8 Nxe6 42.dxe6 fxe6 43.Qd8+ Kc5
44.Kg2 Kxb5 45.g4 Ra4 46.Qd7+ Ka5 47.Kg3 Rc4 48.Qa7+ Kb5 49.Qd7+ Kb4 50.Qd6+ Ka4
51.Qd7+ b5 52.Qa7+ Kb3 53.Qd7 b4 54.Qd3 e5 55.Qb1+ Ka4 56.Qa2+ Kb5 57.Qc2 Kc5
58.g5 b3 59.Qxb3 c2 60.Qa3+ Bb4 61.Qe3+ Kb5 62.Qxe5+ Ka4 63.Qa1+ Kb3 64.Qc1 Ba3
65.Qe3+ Rc3  0-1

[Event "CZE-chT2 9697"]
[Site "CZE"]
[Date "1997.??.??"]
[Round "?"]
[White "Snorek, Milan"]
[Black "Efler, David"]
[Result "1/2-1/2"]
[WhiteElo "2205"]
[BlackElo "2250"]

1.d4 d5 2.Nf3 Nf6 3.c4 e6 4.g3 Be7 5.Bg2 O-O 6.O-O Nbd7 7.Qc2 c6 8.Nbd2 Re8
9.b3 Qc7 10.Bb2 Bd6 11.c5 Bf8 12.e4 dxe4 13.Ng5 e3 14.fxe3 h6 15.Nge4 Nd5
16.Nc4 N7f6 17.Ned6 Bxd6 18.cxd6 Qd8 19.e4 b5 20.exd5 bxc4 21.dxc6 Qxd6 22.bxc4 Rb8
23.Rae1 Ba6 24.Ba1 Rb4 25.c5 Qd8 26.Rf2 Nd5 27.a3 Rb8 28.Qa4 Bb5 29.Qc2 Bxc6
30.Be4 Re7 31.Bb2 Reb7 32.Bc1 Qa5 33.Ref1 Bb5 34.Bh7+ Kh8 35.Rxf7 Bxf1 36.Rxf1 Qc3
37.Qxc3 Nxc3 38.Bd3 Rd7 39.Bf4 Rc8 40.Be5 Kg8 41.Rc1 Nd5 42.Ba6 Rcd8 43.c6 Re7
44.Rc4 Nc7 45.Bb7 Rd5 46.Bc8 Kf7 47.Bd7 Na8 48.Rb4 Rdxd7 49.cxd7 Rxd7  1/2-1/2

[Event "CZE-chT2 9697"]
[Site "CZE"]
[Date "1997.??.??"]
[Round "?"]
[White "Stehlik, Jiri"]
[Black "Kukacka, Martin"]
[Result "1-0"]
[WhiteElo "2130"]
[BlackElo "2060"]

1.Nf3 Nf6 2.c4 e6 3.d4 d5 4.g3 Be7 5.Bg2 O-O 6.O-O dxc4 7.Qc2 a6 8.Qxc4 b5
9.Qc2 Bb7 10.Bd2 Be4 11.Qc1 Nbd7 12.Ba5 Ra7 13.Nbd2 Ba8 14.Qc2 Qb8 15.Nb3 Rc8
16.Nc5 b4 17.a3 Nxc5 18.dxc5 bxa3 19.Rxa3 Be4 20.Qc1 Rb7 21.b4 Rxb4 22.Bxb4 Qxb4
23.Rxa6 Bxc5 24.Qd2 Bxf3 25.Qxb4 Bxb4 26.Bxf3 c5 27.Ra8 Rxa8 28.Bxa8 g6 29.Rc1 Kf8
30.Bc6 h5 31.Bb5 Nd5 32.Ra1 Nc7 33.Bc4 Ke7 34.f4 Kd7 35.Kf2 Bc3 36.Rd1+ Kc6
37.Rd8 Bg7 38.Rg8 Bh6 39.Kf3 Kb6 40.h3 Ka5 41.g4 hxg4+ 42.hxg4 Kb4 43.Bd3 c4
44.Bb1  1-0